Handballeurs français à Paris 2024 - Statistiques

Statistiques générales
  • Ce quiz a été pris 477 fois
  • Le résultat moyen est 13 sur 17
Statistiques - réponses
Indice Réponse % Correct
Pivot Luka Karabatic
94%
Arrière gauche Nikola Karabatic
94%
Pivot Ludovic Fabregas
83%
Arrière droit Dika Mem
81%
Arrière gauche Elohim Prandi
81%
Gardien Vincent Gérard
81%
Gardien Rémi Desbonnet
78%
Demi-centre Nedim Remili
77%
Remplaçant Nicolas Tournat
73%
Ailier gauche Hugo Descat
72%
Ailier droit Valentin Porte
71%
Ailier droit Yannis Lenne
71%
Ailier gauche Dylan Nahi
70%
Remplaçant Aymeric Minne
66%
Arrière droit Melvyn Richardson
65%
Pivot Karl Konan
58%
Remplaçant Samir Bellahcene
39%
Aucun quiz correspondant
Distribution des résultats
% des personnes avec chaque résultat
Percentile par nombre de réponses
Votre historique - résultats
Vous n’avez pas pris ce quiz